Adivina el mundial por foto - Estadísticas

Estadísticas generales
  • Esta prueba ha sido intentada 55 veces
  • La puntuación promedio es 13 de 20
Estadísticas de respuestas
Imagen Respuesta % Correcto
Rusia 2018
98%
Qatar 2022
96%
Brasil 2014
92%
Sudafrica 2010
92%
Alemania 2006
89%
México 1986
89%
Francia 1998
81%
Inglaterra 1966
70%
Argentina 1978
66%
España 1982
62%
Brasil 1950
60%
Estados Unidos 1994
60%
Alemania 1974
55%
Chile 1962
55%
Italia 1990
55%
Corea Japon 2002
53%
Suiza 1954
47%
México 1970
42%
Suecia 1958
38%
Francia 1938
36%
No se encontraron pruebas coincidentes
Distribución de puntuación
Porcentaje de gente con cada puntuación
Porcentaje por número respondido
Historial de tus puntuaciones
No has intentado esta prueba.